[Event "Madrid-ch"]
[Site "Madrid"]
[Date "2003.03.20"]
[Round "9"]
[White "Barez Menendez, Hector"]
[Black "Anghel, Valentin"]
[Result "1/2-1/2"]
[WhiteElo "2215"]
[BlackElo "2382"]
[PlyCount "141"]
[EventDate "2003.03.11"]
[EventType "tourn"]
[EventRounds "11"]
[EventCountry "ESP"]
[EventCategory "1"]
[SourceTitle "CBM 093 Extra"]
[Source "ChessBase"]
[SourceDate "2003.05.09"]
[SourceVersion "1"]
[SourceVersionDate "2003.05.09"]
[SourceQuality "1"]

1. Nf3 Nf6 2. c4 e6 3. g3 d5 4. b3 Be7 5. Bg2 0-0 6. Bb2 b6 7. 0-0 Bb7 8. cxd5 exd5 9. d4 Nbd7 10. Nc3 Re8 11. Rc1 c6 12. Qd3 Bb4 13. Nh4 Qe7 14. Nf5 Qf8 15. Rc2 Rac8 16. Nb1 b5 17. Nd2 g6 18. Ne3 a5 19. Nf3 Bd6 20. Bh3 Ra8 21. Rfc1 Qh6 22. Bg2 Rac8 23. Ne5 Nxe5 24. dxe5 Bxe5 25. Bxe5 Rxe5 26. Qc3 Rce8 27. Qxa5 Rxe3 28. fxe3 Qxe3+ 29. Kh1 Ng4 30. Bf3 Nf2+ 31. Kg2 Bc8 32. Qc3 Bh3+ 33. Kg1 Nd3+ 34. Kh1 Nf2+ 35. Kg1 Nd3+ 36. Kh1 Nxc1 37. Qxe3 Rxe3 38. Rxc1 Bd7 39. Kg1 b4 40. Kf2 Re8 41. Rd1 f5 42. Rd4 Rb8 43. Ke3 Kf7 44. Rh4 h5 45. Rd4 Kf6 46. h4 Ke5 47. Rd2 Be6 48. Rc2 Rb6 49. Rc5 Ra6 50. Rc2 d4+ 51. Kd3 Bd5 52. Bxd5 Kxd5 53. e3 dxe3 54. Kxe3 c5 55. Kf4 Re6 56. Rd2+ Kc6 57. Kg5 c4 58. bxc4 Kc5 59. Rc2 Re3 60. Rg2 Re6 61. Rc2 Re3 62. Rg2 Re6 63. Rc2 Ra6 64. Kh6 Ra3 65. Rg2 Ra6 66. Rc2 Rd6 67. Kg5 Rd3 68. Rg2 Rd6 69. Rc2 Ra6 70. Kh6 Rd6 71. Kg5 1/2-1/2

[Event "Madrid-ch"]
[Site "Madrid"]
[Date "2003.03.19"]
[Round "8"]
[White "Anghel, Valentin"]
[Black "Longa Yauca, Javier"]
[Result "0-1"]
[WhiteElo "2382"]
[BlackElo "2354"]
[PlyCount "62"]
[EventDate "2003.03.11"]
[EventType "tourn"]
[EventRounds "11"]
[EventCountry "ESP"]
[EventCategory "1"]
[SourceTitle "CBM 093 Extra"]
[Source "ChessBase"]
[SourceDate "2003.05.09"]
[SourceVersion "1"]
[SourceVersionDate "2003.05.09"]
[SourceQuality "1"]

1. e4 e6 2. d4 d5 3. Nd2 c5 4. exd5 Qxd5 5. Ngf3 Nc6 6. Bc4 Qh5 7. Nb3 Nf6 8. 0-0 cxd4 9. Nbxd4 Nxd4 10. Nxd4 Qxd1 11. Rxd1 Bd7 12. Nb5 Rc8 13. b3 a6 14. Nd6+ Bxd6 15. Rxd6 0-0 16. Bb2 Bc6 17. Bxf6 gxf6 18. a4 Kg7 19. Rd4 f5 20. Re1 Rfd8 21. Rxd8 Rxd8 22. f3 Kf6 23. Kf2 h5 24. Ke2 h4 25. g4 fxg4 26. fxg4 Rd4 27. Rf1+ Ke7 28. Ke3 Rxg4 29. Rf4 f5 30. Rxg4 fxg4 31. Kf4 g3 0-1

[Event "Madrid-ch"]
[Site "Madrid"]
[Date "2003.03.14"]
[Round "5"]
[White "Paredes Sanchez, Juan Antonio"]
[Black "Anghel, Valentin"]
[Result "1/2-1/2"]
[WhiteElo "2182"]
[BlackElo "2382"]
[PlyCount "47"]
[EventDate "2003.03.11"]
[EventType "tourn"]
[EventRounds "11"]
[EventCountry "ESP"]
[EventCategory "1"]
[SourceTitle "CBM 093 Extra"]
[Source "ChessBase"]
[SourceDate "2003.05.09"]
[SourceVersion "1"]
[SourceVersionDate "2003.05.09"]
[SourceQuality "1"]

1. e4 c6 2. d4 d5 3. Nc3 dxe4 4. Nxe4 Nd7 5. Ng5 Ngf6 6. Bd3 e6 7. N1f3 Bd6 8. Qe2 h6 9. Ne4 Nxe4 10. Qxe4 Nf6 11. Qe2 Qc7 12. Bd2 b6 13. 0-0-0 Bb7 14. Kb1 0-0-0 15. c4 c5 16. Bc3 Rhe8 17. Rhe1 Re7 18. Bc2 cxd4 19. Nxd4 a6 20. Nf3 Red7 21. Ne5 Bxe5 22. Bxe5 Rxd1+ 23. Bxd1 Be4+ 24. Qxe4 1/2-1/2

[Event "Martisor Cup op"]
[Site "Bucharest"]
[Date "2002.03.02"]
[Round "3"]
[White "Ionita, Mariana"]
[Black "Anghel, Valentin"]
[Result "1/2-1/2"]
[WhiteElo "2115"]
[BlackElo "2420"]
[PlyCount "47"]
[EventDate "2002.03.01"]
[EventType "swiss"]
[EventRounds "9"]
[EventCountry "ROU"]
[SourceTitle "CBM 087 Extra"]
[Source "ChessBase"]
[SourceDate "2002.05.03"]
[SourceVersion "2"]
[SourceVersionDate "2002.08.09"]
[SourceQuality "1"]

1. e4 c6 2. d4 d5 3. e5 c5 4. c3 Nc6 5. Bb5 e6 6. Ne2 Qb6 7. Bxc6+ bxc6 8. 0-0 Ba6 9. Re1 Nh6 10. Ng3 g6 11. b3 Nf5 12. Nxf5 gxf5 13. dxc5 Bxc5 14. Be3 h5 15. b4 Bxe3 16. Rxe3 0-0-0 17. Qd4 Rdg8 18. h3 Rg5 19. Rg3 Rxg3 20. fxg3 Kc7 21. a4 Rb8 22. Qxb6+ Rxb6 23. Nd2 d4 24. b5 1/2-1/2

[Event "Centrocoop June op-A"]
[Site "Eforie Nord "]
[Date "1998.??.??"]
[Round "?"]
[White "Anghel, Valentin"]
[Black "Codirlasu, Cristian"]
[Result "0-1"]
[WhiteElo "2120"]
[BlackElo "2235"]
[PlyCount "122"]
[EventDate "1998.06.??"]
[EventType "swiss"]
[EventRounds "11"]
[EventCountry "ROU"]
[SourceTitle "EXT 2000"]
[Source "ChessBase"]
[SourceDate "1999.11.16"]
[SourceVersion "1"]
[SourceVersionDate "1999.11.16"]
[SourceQuality "1"]

1. d4 Nf6 2. c4 c5 3. d5 e6 4. Nc3 exd5 5. cxd5 d6 6. e4 g6 7. Nf3 Bg7 8. h3 0-0 9. Bd3 a6 10. a4 Nbd7 11. 0-0 Qc7 12. Nd2 Ne5 13. Be2 Re8 14. a5 Rb8 15. Qc2 b5 16. axb6 Rxb6 17. f4 Ned7 18. Nc4 Rb4 19. Bd3 Nb6 20. Nd2 c4 21. Be2 Bb7 22. Re1 Qc5+ 23. Kh2 h5 24. Nf3 Rb3 25. Bf1 Nfxd5 26. Nxd5 Bxd5 27. exd5 Rxe1 28. Nxe1 Qxd5 29. Nf3 c3 30. Ra5 Rxb2 31. Qxc3 Bxc3 32. Rxd5 Nxd5 33. Bxb2 Bxb2 34. Bxa6 Nxf4 35. Kg3 Be5 36. Kf2 Kg7 37. Bc4 Kf6 38. Ne1 d5 39. Bf1 Ne6 40. Nd3 Ng5 41. Ke3 Ne4 42. Nb4 Ke6 43. Ba6 Nc5 44. Bb5 h4 45. Nd3 Ne4 46. Be8 Bg3 47. Nb4 g5 48. Nxd5 Kxd5 49. Bxf7+ Ke5 50. Bg6 Bf4+ 51. Ke2 Kd4 52. Kf3 Nd2+ 53. Kf2 Ne4+ 54. Kf3 Ng3 55. Bh7 Kc3 56. Bg8 Kd3 57. Bd5 Ne2 58. Bb7 Nd4+ 59. Kf2 Be3+ 60. Kf1 Kd2 61. Ba8 Nf5 0-1

[Event "Centrocoop June op-A"]
[Site "Eforie Nord "]
[Date "1998.??.??"]
[Round "?"]
[White "Anghel, Valentin"]
[Black "Petrenko, Svetlana"]
[Result "0-1"]
[WhiteElo "2120"]
[BlackElo "2275"]
[PlyCount "42"]
[EventDate "1998.06.??"]
[EventType "swiss"]
[EventRounds "11"]
[EventCountry "ROU"]
[SourceTitle "EXT 2000"]
[Source "ChessBase"]
[SourceDate "1999.11.16"]
[SourceVersion "1"]
[SourceVersionDate "1999.11.16"]
[SourceQuality "1"]

1. d4 Nf6 2. c4 g6 3. Nc3 Bg7 4. e4 d6 5. Nf3 0-0 6. Be2 e5 7. 0-0 Nc6 8. d5 Ne7 9. b4 Nh5 10. Re1 f5 11. Nd2 Nf6 12. f3 f4 13. c5 g5 14. cxd6 cxd6 15. Ba3 Qb6+ 16. Kh1 Qf2 17. Nc4 Ne8 18. Rg1 Qh4 19. Qe1 Qh5 20. Rc1 Rf6 21. Qf2 Qxh2+ 0-1

[Event "Centrocoop June op-A"]
[Site "Eforie Nord "]
[Date "1998.??.??"]
[Round "?"]
[White "Craciun, Ovidiu"]
[Black "Anghel, Valentin"]
[Result "1-0"]
[WhiteElo "2225"]
[BlackElo "2120"]
[PlyCount "49"]
[EventDate "1998.06.??"]
[EventType "swiss"]
[EventRounds "11"]
[EventCountry "ROU"]
[SourceTitle "EXT 2000"]
[Source "ChessBase"]
[SourceDate "1999.11.16"]
[SourceVersion "1"]
[SourceVersionDate "1999.11.16"]
[SourceQuality "1"]

1. e4 c6 2. d4 d5 3. exd5 cxd5 4. c4 Nf6 5. Nc3 e6 6. Nf3 Bb4 7. a3 Bxc3+ 8. bxc3 dxc4 9. Bxc4 Qc7 10. Qd3 Nbd7 11. 0-0 b6 12. Re1 0-0 13. Ne5 Bb7 14. Ba2 Rac8 15. Bd2 Rfd8 16. Qh3 Nxe5 17. Rxe5 Ne4 18. Rh5 Nxd2 19. Rxh7 Kf8 20. Qg4 f5 21. Qg5 Ne4 22. Rh8+ Kf7 23. Qxf5+ Nf6 24. Qxe6+ Kg6 25. Bb1+ 1-0

[Event "Centrocoop June op-A"]
[Site "Eforie Nord "]
[Date "1998.??.??"]
[Round "?"]
[White "Tokmachev, Mikhail"]
[Black "Anghel, Valentin"]
[Result "1-0"]
[WhiteElo "2230"]
[BlackElo "2120"]
[PlyCount "61"]
[EventDate "1998.06.??"]
[EventType "swiss"]
[EventRounds "11"]
[EventCountry "ROU"]
[SourceTitle "EXT 2000"]
[Source "ChessBase"]
[SourceDate "1999.11.16"]
[SourceVersion "1"]
[SourceVersionDate "1999.11.16"]
[SourceQuality "1"]

1. e4 c6 2. d4 d5 3. Nd2 dxe4 4. Nxe4 Nd7 5. Bd3 Ngf6 6. Ng5 e6 7. N1f3 Bd6 8. Qe2 h6 9. Ne4 Nxe4 10. Qxe4 Nf6 11. Qe2 Qc7 12. 0-0 b6 13. c4 0-0 14. b3 Bb7 15. Bb2 Rfe8 16. Rfe1 Nd7 17. h3 c5 18. Rad1 Rad8 19. Bb1 g6 20. dxc5 Bxc5 21. Qd2 Kh7 22. Qc3 Rg8 23. b4 Bf8 24. Nd4 Bg7 25. Qc2 Nf8 26. f3 Rc8 27. Nb5 Qxc4 28. Qxc4 Rxc4 29. Bxg7 Kxg7 30. Nd6 Rc7 31. Ne8+ 1-0